Loading...
| Fine Arts - Auditory Fine Arts | 4 | 10.00 | 75% | 25% | 0% |
| Fine Arts - Other Fine Arts | 4 | 15.00 | 100% | 25% | 25% |
| Fine Arts - Visual Fine Arts | 4 | 7.50 | 50% | 25% | 0% |
| History - American History | 3 | 10.00 | 100% | 0% | 0% |
| History - European History | 3 | 10.00 | 100% | 0% | 0% |
| History - Other History | 4 | 10.00 | 75% | 25% | 0% |
| History - World History | 4 | 12.50 | 100% | 25% | 0% |
| Literature - American Literature | 2 | 10.00 | 100% | 0% | 0% |
| Literature - British Literature | 1 | 0.00 | 0% | 0% | 0% |
| Literature - European Literature | 3 | 6.67 | 67% | 0% | 0% |
| Literature - World Literature | 4 | 7.50 | 75% | 0% | 0% |
| Mythology | 2 | 10.00 | 100% | 0% | 0% |
| Other Academic | 1 | 10.00 | 100% | 0% | 0% |
| Philosophy | 2 | 5.00 | 50% | 0% | 0% |
| Pop Culture | 1 | 10.00 | 100% | 0% | 0% |
| Religion | 3 | 10.00 | 100% | 0% | 0% |
| Science - Biology | 2 | 10.00 | 100% | 0% | 0% |
| Science - Chemistry | 4 | 12.50 | 75% | 25% | 25% |
| Science - Other Science | 2 | 15.00 | 100% | 50% | 0% |
| Science - Physics | 1 | 10.00 | 100% | 0% | 0% |
| Social Science | 2 | 10.00 | 100% | 0% | 0% |